000 00495nam a2200181Ia 4500
005 20250326125501.0
008 250326s9999 xx 000 0 und d
037 _aTextbook
040 _aFMSL
_beng
_cFMSL
041 _aeng
_2eng
084 _aX9W:8.1 L5
_qFMSL
100 _aBarnet R J
_9701840
245 0 _aGlobal reach
_cBarnet R J; Miiller R E
260 _aLondon
_bLondon, Jonathan Cape
_c1975
300 _a508p
942 _cTB
_hX9W:8.1 L5
999 _c1278266
_d1278266